| 000 | 01252nam a2200313Ia 4500 | ||
|---|---|---|---|
| 003 | OSt | ||
| 005 | 20221007123347.0 | ||
| 006 | a|||||r|||| 00| 0 | ||
| 007 | ta | ||
| 008 | 221006b |||||||| |||| 00| 0 eng d | ||
| 020 |
_a9810204396 (hbd) _c _ 64.00 |
||
| 024 | _a9337 | ||
| 037 |
_bModern, _cTextual |
||
| 040 |
_aPAPL _cPAPL _beng |
||
| 041 |
_2eng _aeng |
||
| 082 | _aC51, N1 | ||
| 100 | _aYung-kuo Lim Ed | ||
| 110 | _aUniversity of Science and Technology of China, The Physics Coaching Class^fComp | ||
| 245 | 0 | _aProblems and solutions on optics comp by University of Science and Technology of China, The Physics Coaching Class. Ed by Lim Yung-kuo | |
| 260 |
_aSingapore _bWorld Scientific _c1991 |
||
| 300 |
_aix, 192p _ccm. |
||
| 490 | _aMajor American Universities Ph.D. qualifying questions and solutions | ||
| 500 | _a23/CSL/C/2001-2002/51^dModern Educationals; ; 2002-03/69^b2002-07-03^c075^d2002-06-17^eRs.14,417.32^fModern Educationals; ; 2002-08-16^bSB^c2003-03-17^dRPS | ||
| 650 | _a Optics | ||
| 650 | _aPhysics | ||
| 700 | _aUniversity of Science and Technology of China, The Physics Coaching Class^fComp | ||
| 942 |
_hC51, N1 _cTEXL _2CC |
||
| 999 |
_c1211748 _d1211748 |
||